Přehled fysiky pro mediky
| Hlavní autor: | Šafránek, Jaroslav, 1890-1957 |
|---|---|
| Jazyk: | Čeština |
| Vydáno: |
Praha, 1957 |
|
| LEADER | 00489nam a22001692a 4500 | ||
|---|---|---|---|
| 001 | 000381982 | ||
| 003 | CZ BrMZK | ||
| 005 | 20020114090154.0 | ||
| 007 | ta | ||
| 008 | 980105s1957 xr f cze d | ||
| 040 | |a BOA001 |b cze | ||
| 100 | 1 | |a Šafránek, Jaroslav, |d 1890-1957 |7 jk01122383 | |
| 245 | 1 | 0 | |a Přehled fysiky pro mediky |
| 260 | |a Praha, |c 1957 | ||
| 910 | |a BOA001 |b 4-0376.579 | ||
| 990 | |a BK | ||
| 996 | 7 | |b 2619820014 |c 4-0376.579 |l MZK |r Sklad / do 24 hodin |n 2 |w 000381982 |u 000010 |a 1 |e BOA001 |j MZK50 |s A | |
English
Čeština 